01077nam a2200193Ia 4500001001000000003001000010008004100020040002500061041001300086100003400099245003300133250001100166260009200177300002800269500021900297501011400516520021900630650003400849L235-7459IT-CnALBA170116s9999||||xx |||||||||||||| ||und|| aIT-CnALBAcIT-CnALBA aITALIANO aNEUBERT P. ENRICO, MARIANISTA 0aLA VITA D'UNIONE CON MARIA.  a1a ed. aCINISELLO BALSAMO (MI)bEDIZIONI PAOLINEc1956 [1° Ed.:1956 - Ed.Ling.Originale: 1954] a390 p. (prefazione: 79) aTRADUZIONE DAL FRANCESE DI E. MARTINETTO. CONSACRAZIONE A MARIA. NOMI DI GESÙ E DI MARIA. CUORE DI GESÙ E DI MARIA. PACE GIOIA DOLORE DEVOZIONE A GESÙ EUCARISTICO. VIRTÙ TEOLOGALI. TRINITÀ. VITA MISTICA.  aSocietà San Paolo EM - Piazza San Paolo, 14 - 12051 ALBA (CN) (non commercial uses only) ® Copyright 2017 aTRADUZIONE DAL FRANCESE DI E. MARTINETTO. CONSACRAZIONE A MARIA. NOMI DI GESÙ E DI MARIA. CUORE DI GESÙ E DI MARIA. PACE GIOIA DOLORE DEVOZIONE A GESÙ EUCARISTICO. VIRTÙ TEOLOGALI. TRINITÀ. VITA MISTICA.  aMARIA SS. ANGELI SANTI DEMONI